Taylor Swift 11 - Statistics

General Stats
  • This quiz has been taken 30 times
    22 since last reset
  • The average score is 337 of 379
Answer Stats
Answer % Correct
a
100%
an
100%
and
100%
be
100%
do
100%
for
100%
go
100%
have
100%
I
100%
I'm
100%
in
100%
is
100%
it
100%
it's
100%
me
100%
my
100%
no
100%
of
100%
on
100%
say
100%
so
100%
the
100%
to
100%
what
100%
when
100%
who
100%
you
100%
your
100%
you're
100%
all
92%
but
92%
didn't
92%
don't
92%
down
92%
had
92%
head
92%
mine
92%
need
92%
not
92%
now
92%
oh
92%
one
92%
out
92%
tell
92%
that
92%
this
92%
us
92%
want
92%
break
85%
fine
85%
heart
85%
hurt
85%
just
85%
like
85%
lose
85%
meant
85%
meet
85%
mind
85%
see
85%
something
85%
sorry
85%
there's
85%
things
85%
we'll
85%
afterglow
77%
blue
77%
even
77%
fault
77%
hands
77%
hey
77%
love
77%
put
77%
wanna
77%
with
77%
attack
69%
back
69%
blew
69%
burned
69%
face
69%
jail
69%
much
69%
off
69%
proportion
69%
reason
69%
true
69%
behind
62%
blame
62%
boxing
62%
fight
62%
fighting
62%
let
62%
light
62%
low
62%
still
62%
thought
62%
'til
62%
up
62%
why'd
62%
away
54%
crying
54%
gloves
54%
morning
54%
punished
54%
silence
54%
ultraviolet
54%
worth
54%
blows
46%
chemistry
46%
excruciating
46%
island
46%
lived
46%
pinned
46%
tells
46%
walk
46%
lift
38%
sirens
38%
went
38%
below
31%
No matching quizzes found
Score Distribution
Percent of People with Each Score
Percentile by Number Answered
Your Score History
You have not taken this quiz since the last reset